Los desafíos de desarrollo y protección de la crisis de refugiados sirios/
Enregistré dans:
| Auteur principal: | |
|---|---|
| Autres auteurs: | |
| Format: | Livre |
| Langue: | Spanish |
| Tags: |
Ajouter un tag
Pas de tags, Soyez le premier à ajouter un tag!
|
MARC
| LEADER | 00000nam a22000007a 4500 | ||
|---|---|---|---|
| 003 | cru CIDCACS/IIS | ||
| 005 | 20180118062531.0 | ||
| 007 | ta | ||
| 008 | 180112s2014 sp |||p|r||||||0| ||spa d | ||
| 999 | |c 40810 |d 40810 | ||
| 040 | |c cru CIDCACS/IIS | ||
| 100 | 1 | |9 6363 |a Zetter, Roger | |
| 245 | 1 | 4 | |a Los desafíos de desarrollo y protección de la crisis de refugiados sirios/ |c Roger Zetter, Héloïse Ruaudel |
| 300 | |a páginas 6-10: |b fotos | ||
| 700 | 1 | |9 6364 |a Ruaudel, Héloïse | |
| 773 | 0 | |0 19267 |9 1738 |a Centro de Estudios sobre Refugiados |d Universidad de Oxford ; Centro de Estudios sobre Refugiados |o 18230 |t Migraciones Forzadas: |x 14609819 | |
| 942 | |2 ddc |c PP | ||
